000 01061naa a22002897a 4500
001 BR6010163
003 BR-BrBNA
005 20240918173151.0
007 ta
008 230509b bl.||||| |||| 00| 0 por d
040 _aBR-BrBNA
_bpor
_cBiblioteca Nacional de Agricultura
041 _a(Pt)
072 _aF30
_b0312
090 _aF30 BR6010163
100 1 _aMenezes, O.B.
111 1 _a4. Congresso Nacional de Botanica
_cRecife, PE (Brazil)
_d19 Jan 1953
245 1 _aProspeccao de sexo em dendezeiro [Elaeis guineensis]
260 3 _aRecife, PE (Brasil):
_bInstituto de Pesquisas Agronomicas,
_c1953.
500 _aAnais do 4. Congresso Nacional de Botanica Recife, PE (Brasil): Instituto de Pesquisas Agronomicas, 1953. p. 261-269 (BR6010163-AM)F30
650 _aMelhoramento genetico vegetal
650 _aDende
650 _aGenetica vegetal
650 _aSexo
773 0 _tAnais do 4. Congresso Nacional de Botanica
_wF30 BR6010163
_gRecife, PE (Brasil), 1953. p. 261-269
909 _a202404
_bLucia
_c55
_dLucia Elande
942 _cAM
_2AGRIS
999 _c303244
_d303244